| 000 | 00712nam a2200241 i 4500 | ||
|---|---|---|---|
| 001 | 128503 | ||
| 003 | ES-MaACL | ||
| 005 | 20250809063519.0 | ||
| 007 | t| | ||
| 008 | 070514s1985 sp ||||1| spa d | ||
| 020 | _a84-01-33266-4 | ||
| 080 | _a94(460) | ||
| 100 | 1 |
_aTamames, Ramón, _d1933- _9237391 |
|
| 245 | 1 | 0 |
_aUna idea de España _b: ayer, hoy y mañana / _cRamón Tamames. |
| 250 | _a[1ª ed.]. | ||
| 260 |
_aBarcelona : _bPlaza y Janés, _c1985. |
||
| 300 |
_a270 p. ; _c22 cm. |
||
| 490 | 1 | _aEpoca. Política española | |
| 651 | 4 |
_aEspaña- _xHistoria. _98209 |
|
| 830 | 0 |
_aEpoca. Política española _9179911 |
|
| 852 |
_aES-MaACL _jL-8357 _bR.108757 |
||
| 999 |
_c128503 _d128503 |
||